[Event "POR-chT 48th"]
[Site "Evora"]
[Date "2006.07.24"]
[Round "3"]
[White "Fernando, Diogo"]
[Black "Parcerias, Pedro"]
[Result "1/2-1/2"]
[WhiteElo "2466"]
[BlackElo "2269"]
[PlyCount "47"]
[EventDate "2006.07.22"]
[EventType "team"]
[EventRounds "9"]
[EventCountry "POR"]
[SourceTitle "CBM 113 Extra"]
[Source "ChessBase"]
[SourceDate "2006.09.14"]
[SourceVersion "1"]
[SourceVersionDate "2006.09.14"]
[SourceQuality "1"]

1. e4 e6 2. d4 d5 3. e5 c5 4. c3 Nc6 5. Nf3 Bd7 6. Be2 Nge7 7. Na3 Ng6 8. h4 Be7 9. h5 Nh4 10. Nxh4 Bxh4 11. Nc2 cxd4 12. cxd4 0-0 13. Be3 Rc8 14. Qd2 Be7 15. 0-0 Qa5 16. Rfc1 f6 17. f4 fxe5 18. fxe5 Qxd2 19. Bxd2 Bh4 20. Bf3 Ne7 21. Ne3 Nc6 22. Nc2 Ne7 23. Ne3 Nc6 24. Nc2 1/2-1/2

[Event "POR-chT2"]
[Site "Portugal"]
[Date "2005.03.26"]
[Round "?"]
[White "Castro, Francisco Manuel Fe"]
[Black "Parcerias, Pedro"]
[Result "0-1"]
[WhiteElo "2040"]
[BlackElo "2256"]
[PlyCount "81"]
[EventDate "2005.01.??"]
[EventType "team"]
[EventRounds "7"]
[EventCountry "POR"]
[SourceTitle "EXT 2006"]
[Source "ChessBase"]
[SourceDate "2005.11.24"]
[SourceVersion "1"]
[SourceVersionDate "2005.11.24"]
[SourceQuality "1"]

1. e4 e6 2. d4 d5 3. Nd2 Nc6 4. Ngf3 Nf6 5. e5 Nd7 6. Nb3 f6 7. Bb5 a6 8. Bxc6 bxc6 9. exf6 Qxf6 10. Bg5 Qg6 11. Qe2 a5 12. h4 a4 13. h5 Qf5 14. g4 Qe4 15. Nbd2 Qxe2+ 16. Kxe2 Ba6+ 17. Kd1 Bd6 18. h6 g6 19. Re1 0-0 20. Rxe6 Rf7 21. Be3 Nf8 22. Re5 Bxe5 23. dxe5 Ne6 24. c4 dxc4 25. Nh4 Rd8 26. Kc2 Nf4 27. Ne4 Nd5 28. Bg5 Nb4+ 29. Kc3 Nd5+ 30. Kc2 Re8 31. Nf6+ Nxf6 32. Bxf6 Rd7 33. Rd1 Rxd1 34. Kxd1 c3 35. bxc3 a3 36. f4 Bc4 37. f5 gxf5 38. gxf5 Bxa2 39. Kc2 Bc4 40. Ng6 a2 41. Ne7+ 0-1

[Event "POR Cup fin"]
[Site "Felgueiras"]
[Date "1999.09.04"]
[Round "?"]
[White "Neto, Horacio"]
[Black "Parcerias, Pedro"]
[Result "1-0"]
[WhiteElo "2174"]
[BlackElo "2304"]
[PlyCount "89"]
[EventDate "1999.09.04"]
[EventType "team"]
[EventRounds "1"]
[EventCountry "POR"]
[SourceTitle "EXT 2004"]
[Source "ChessBase"]
[SourceDate "2003.11.25"]
[SourceVersion "1"]
[SourceVersionDate "2003.11.25"]
[SourceQuality "1"]

1. Nf3 d5 2. d4 Nc6 3. Bf4 Bg4 4. Nbd2 e6 5. h3 Bh5 6. e3 Bd6 7. Bxd6 cxd6 8. Be2 Nf6 9. 0-0 0-0 10. c4 Rc8 11. Rc1 dxc4 12. Rxc4 Qb6 13. Qb3 d5 14. Qxb6 axb6 15. Rcc1 Ne4 16. g4 Nxd2 17. Nxd2 Bg6 18. a3 f5 19. f4 fxg4 20. hxg4 Na5 21. Bb5 Kf7 22. b4 Nc6 23. Rc3 Na7 24. Rxc8 Rxc8 25. Bd7 Rc7 26. Bxe6+ Kxe6 27. f5+ Kf6 28. fxg6+ Kxg6 29. Rf5 Rc3 30. Nf3 h6 31. Kf2 Rxa3 32. Nh4+ Kh7 33. Rxd5 Rb3 34. Rd7 Rxb4 35. Nf5 Rb2+ 36. Kf3 Nc6 37. Rxg7+ Kh8 38. Rxb7 b5 39. Nxh6 b4 40. g5 Rh2 41. Ng4 Rh1 42. g6 Rf1+ 43. Ke4 b3 44. Nh6 Rg1 45. Rh7# 1-0

[Event "EU-Cup 14th Group1"]
[Site "Breda"]
[Date "1998.09.18"]
[Round "1"]
[White "Hodgson, Julian M"]
[Black "Parcerias, Pedro"]
[Result "1-0"]
[WhiteElo "2575"]
[BlackElo "2255"]
[PlyCount "79"]
[EventDate "1998.09.18"]
[EventType "team-k.o."]
[EventRounds "3"]
[EventCountry "NED"]
[SourceTitle "EXT 2020"]
[Source "ChessBase"]
[SourceDate "2019.10.17"]
[SourceVersion "1"]
[SourceVersionDate "2019.10.17"]
[SourceQuality "1"]
[WhiteTeam "Breda Panfox"]
[BlackTeam "Porto Boavista"]
[WhiteTeamCountry "NED"]
[BlackTeamCountry "POR"]

1. b3 e5 2. Bb2 Nc6 3. e3 Nf6 4. Bb5 d6 5. Ne2 Be7 6. d4 exd4 7. Nxd4 Bd7 8. Bxc6 bxc6 9. Qf3 d5 10. Nf5 Bxf5 11. Qxf5 0-0 12. Nd2 Qd7 13. Qxd7 Nxd7 14. Nf3 Bf6 15. 0-0-0 a5 16. a4 Bxb2+ 17. Kxb2 Rab8 18. Nd4 Rb6 19. Ne2 Nf6 20. Nc3 Rfb8 21. Rhe1 Rb4 22. f3 g6 23. e4 Rd8 24. exd5 cxd5 25. Re7 Rb7 26. Ne4 Nxe4 27. fxe4 d4 28. Re5 c6 29. Rxa5 Re7 30. Rc5 Rxe4 31. Rxc6 Re2 32. Rd3 Rxg2 33. a5 Rg5 34. b4 Rb5 35. Ka3 Kf8 36. Ka4 Rbb8 37. a6 Ke7 38. b5 Ra8 39. Ka5 Rd5 40. c4 1-0

[Event "Portuguese Masters 14th"]
[Site "Caldas da Felgueira"]
[Date "1998.02.13"]
[Round "7"]
[White "Durao, Joaquim Manuel"]
[Black "Parcerias, Pedro"]
[Result "0-1"]
[WhiteElo "2200"]
[BlackElo "2255"]
[PlyCount "90"]
[EventDate "1998.02.07"]
[EventType "tourn"]
[EventRounds "9"]
[EventCountry "POR"]
[EventCategory "4"]
[SourceTitle "CBM 063 Extra"]
[Source "ChessBase"]
[SourceDate "1998.04.29"]
[SourceVersion "1"]
[SourceVersionDate "1998.04.29"]
[SourceQuality "1"]

1. e4 e6 2. d4 d5 3. Nc3 Nf6 4. Bg5 dxe4 5. Nxe4 Be7 6. Bxf6 gxf6 7. Nf3 f5 8. Ng3 Nd7 9. Bc4 c5 10. Qe2 cxd4 11. 0-0-0 Qc7 12. Nxd4 Nb6 13. Bb5+ Kf8 14. Kb1 a6 15. Bd3 Bf6 16. Nb3 Qe5 17. Qxe5 Bxe5 18. Rhe1 Bf6 19. Nh5 Be7 20. c3 Bd7 21. Na5 Rb8 22. Bc2 Be8 23. g3 Na4 24. Nf4 Nc5 25. Nb3 Nxb3 26. Bxb3 Bc6 27. Nd3 Bf3 28. Rc1 Bg5 29. Ne5 Bxc1 30. Nxf3 Bh6 31. Ne5 Ke7 32. f4 Rhd8 33. Kc2 Bg7 34. Nd3 h5 35. a4 Rbc8 36. a5 Rd6 37. Re2 b6 38. axb6 Rxb6 39. Re1 Bf6 40. Ra1 h4 41. Ra4 Rg8 42. Bc4 hxg3 43. hxg3 Rxg3 44. b4 Rc6 45. Kb3 Rxd3 0-1

[Event "Portuguese Masters 14th"]
[Site "Caldas da Felgueira"]
[Date "1998.02.10"]
[Round "4"]
[White "Frois, Antonio"]
[Black "Parcerias, Pedro"]
[Result "1-0"]
[WhiteElo "2385"]
[BlackElo "2255"]
[PlyCount "61"]
[EventDate "1998.02.07"]
[EventType "tourn"]
[EventRounds "9"]
[EventCountry "POR"]
[EventCategory "4"]
[SourceTitle "CBM 063 Extra"]
[Source "ChessBase"]
[SourceDate "1998.04.29"]
[SourceVersion "1"]
[SourceVersionDate "1998.04.29"]
[SourceQuality "1"]

1. d4 d5 2. Nf3 Nc6 3. g3 Bf5 4. Bg2 Nb4 5. Na3 e6 6. Bf4 c6 7. 0-0 Ne7 8. c4 Ng6 9. Bd2 dxc4 10. Nxc4 Be4 11. Bxb4 Bxb4 12. Qb3 a5 13. a3 Be7 14. Qxb7 Rb8 15. Qa7 Bd5 16. Nfe5 0-0 17. Nxc6 Ra8 18. Qxe7 Nxe7 19. Nxd8 Rfxd8 20. Bxd5 Nxd5 21. Rac1 a4 22. Rfd1 f5 23. Ne5 Rdb8 24. Rd2 Rb3 25. Rc6 Rab8 26. Rxe6 Nf6 27. Rc6 h6 28. Nd3 Rd8 29. Nc5 Rb5 30. Nxa4 Ne4 31. Nc3 1-0

[Event "Portuguese Masters 14th"]
[Site "Caldas da Felgueira"]
[Date "1998.02.07"]
[Round "1"]
[White "Parcerias, Pedro"]
[Black "Ribeiro, Fernando"]
[Result "1/2-1/2"]
[WhiteElo "2255"]
[BlackElo "2360"]
[PlyCount "111"]
[EventDate "1998.02.07"]
[EventType "tourn"]
[EventRounds "9"]
[EventCountry "POR"]
[EventCategory "4"]
[SourceTitle "CBM 063 Extra"]
[Source "ChessBase"]
[SourceDate "1998.04.29"]
[SourceVersion "1"]
[SourceVersionDate "1998.04.29"]
[SourceQuality "1"]

1. e4 c5 2. d3 d5 3. Nd2 Nc6 4. Ngf3 e6 5. g3 g6 6. Bg2 Bg7 7. 0-0 Nge7 8. c3 0-0 9. Re1 b6 10. exd5 exd5 11. d4 cxd4 12. cxd4 Nxd4 13. Nxd4 Bxd4 14. Nb3 Bf6 15. Qf3 Kg7 16. Bh6+ Kxh6 17. Qxf6 Nf5 18. Qe5 Bb7 19. Nd4 Nxd4 20. Qxd4 Rc8 21. Rad1 Re8 22. Re5 Rxe5 23. Qxe5 Rc7 24. h4 Rd7 25. g4 f6 26. Qd4 Qc7 27. f4 Qc5 28. g5+ Kg7 29. b4 Qxd4+ 30. Rxd4 h6 31. b5 hxg5 32. hxg5 fxg5 33. fxg5 Kf8 34. Ra4 Ke7 35. Rxa7 Kd6 36. a4 Kc5 37. Bh3 Rc7 38. Bc8 Rxc8 39. Rxb7 Rd8 40. Rg7 d4 41. Kf2 Re8 42. Rxg6 d3 43. Rc6+ Kd5 44. Rc7 Re6 45. Rc3 Kd4 46. Rc6 Re5 47. Rxb6 Rxg5 48. Rd6+ Kc4 49. b6 Kc5 50. Re6 Rg7 51. a5 d2 52. Ke2 Rd7 53. Kd1 Kb5 54. Re5+ Ka6 55. Rc5 Rd8 56. Rc7 1/2-1/2

[Event "POR-ch sf"]
[Site "Faro"]
[Date "1998.??.??"]
[Round "4"]
[White "Parcerias, Pedro"]
[Black "Dias, Paulo Jorge Guimara"]
[Result "0-1"]
[WhiteElo "2255"]
[BlackElo "2295"]
[PlyCount "98"]
[EventDate "1998.??.??"]
[EventType "swiss"]
[EventRounds "9"]
[EventCountry "POR"]
[SourceTitle "EXT 2000"]
[Source "ChessBase"]
[SourceDate "1999.11.16"]
[SourceVersion "1"]
[SourceVersionDate "1999.11.16"]
[SourceQuality "1"]

1. e4 e6 2. d4 d5 3. Nc3 Bb4 4. Qd3 Nf6 5. exd5 exd5 6. Bd2 0-0 7. 0-0-0 c6 8. h4 Re8 9. Nh3 b6 10. Nb1 a5 11. c3 Bf8 12. f3 Nh5 13. Qc2 Ng3 14. Bd3 Nxh1 15. Bxh7+ Kh8 16. Ng5 Qf6 17. Rxh1 Bd6 18. Bd3 Kg8 19. g4 Ba6 20. Bh7+ Kh8 21. h5 Re2 22. Bf5 Bf4 23. Nh3 Qh4 24. Bxf4 Rxc2+ 25. Kxc2 Qe7 26. h6 Qe2+ 27. Nd2 f6 28. hxg7+ Kxg7 29. Bh6+ Kf7 30. Nf4 Qe7 31. Bg7 Bc8 32. Bg6+ Kg8 33. Nh5 Nd7 34. Bf5 Kf7 35. Bh6 Nf8 36. Bd3 Ng6 37. Rg1 Bd7 38. g5 f5 39. Bg7 Re8 40. Bf6 Qe3 41. Rg2 Nf4 42. Nxf4 Qxf4 43. Be5 Rxe5 44. dxe5 Qxe5 45. Re2 Qg3 46. f4 Qxf4 47. Rg2 Kg6 48. Be2 c5 49. Nf3 d4 0-1

[Event "POR-ch"]
[Site "Lisbon"]
[Date "1998.??.??"]
[Round "3"]
[White "Parcerias, Pedro"]
[Black "Santos, Carlos Pereira Dos"]
[Result "0-1"]
[WhiteElo "2255"]
[BlackElo "2400"]
[PlyCount "72"]
[EventDate "1998.08.??"]
[EventType "tourn"]
[EventRounds "11"]
[EventCountry "POR"]
[SourceTitle "EXT 1999"]
[Source "ChessBase"]
[SourceDate "1998.11.16"]
[SourceVersion "1"]
[SourceVersionDate "1998.11.16"]
[SourceQuality "1"]

1. e4 e5 2. Nf3 d6 3. Bc4 Be7 4. 0-0 Nf6 5. Nc3 0-0 6. d4 exd4 7. Nxd4 Nxe4 8. Nxe4 d5 9. Bd3 dxe4 10. Bxe4 Bf6 11. c3 Re8 12. Qf3 c6 13. Nf5 Bxf5 14. Bxf5 Nd7 15. Qh3 Nf8 16. Be3 Qd5 17. Bc2 Qb5 18. Bb3 a5 19. Rab1 a4 20. Bc2 Bg5 21. Bd4 Qd5 22. f4 Be7 23. Qg3 Ne6 24. Qd3 g6 25. Be3 Bc5 26. Bxc5 Qxc5+ 27. Kh1 Rad8 28. Qg3 b5 29. f5 Ng7 30. Qg5 Qe5 31. Qh6 Rd6 32. fxg6 hxg6 33. h3 Nh5 34. Rfe1 Qxe1+ 35. Rxe1 Rxe1+ 36. Kh2 Re2 0-1

[Event "EU-Cup 13th Group5"]
[Site "Mulhouse"]
[Date "1997.10.05"]
[Round "3"]
[White "Parcerias, Pedro"]
[Black "Fioramonti, Hung"]
[Result "0-1"]
[WhiteElo "2255"]
[BlackElo "2360"]
[PlyCount "74"]
[EventDate "1997.10.03"]
[EventType "team-k.o."]
[EventRounds "3"]
[EventCountry "FRA"]
[SourceTitle "EXT 2020"]
[Source "ChessBase"]
[SourceDate "2019.10.17"]
[SourceVersion "1"]
[SourceVersionDate "2019.10.17"]
[SourceQuality "1"]
[WhiteTeam "Porto Boavista"]
[BlackTeam "Geneve"]
[WhiteTeamCountry "POR"]
[BlackTeamCountry "SUI"]

1. e4 Nf6 2. e5 Nd5 3. Nc3 c6 4. Nxd5 cxd5 5. d4 d6 6. Nf3 Nc6 7. Bf4 Bg4 8. exd6 e6 9. c3 Bxd6 10. Bxd6 Qxd6 11. Bd3 Rb8 12. a4 Qf4 13. Qd2 Qf6 14. Be2 0-0 15. 0-0 Rfc8 16. Rad1 Bxf3 17. Bxf3 a6 18. Be2 Na5 19. Bd3 b5 20. Rfe1 Nc4 21. Qc2 bxa4 22. Bxc4 Rxc4 23. Ra1 Qxd4 24. Rxa4 Qb6 25. Ra2 g6 26. Rea1 a5 27. g3 a4 28. Qe2 Re4 29. Qd2 Qb5 30. Re1 Rxe1+ 31. Qxe1 Rc8 32. Kg2 Rc4 33. Qd2 Re4 34. Qd1 h5 35. Qc2 h4 36. Ra3 h3+ 37. Kf3 Qf1 0-1

[Event "POR-chT"]
[Site "Portugal"]
[Date "1993.??.??"]
[Round "6"]
[White "Fernandes, Antonio ETG"]
[Black "Parcerias, Pedro"]
[Result "1-0"]
[WhiteElo "2455"]
[BlackElo "2290"]
[PlyCount "87"]
[EventDate "1993.??.??"]
[EventType "team"]
[EventRounds "11"]
[EventCountry "POR"]
[SourceTitle "TD"]
[Source "ChessBase"]
[SourceDate "1994.03.01"]
[SourceVersion "1"]
[SourceVersionDate "1994.03.01"]
[SourceQuality "1"]

1. d4 Nf6 2. Bg5 Ne4 3. Bh4 d5 4. f3 Nd6 5. Nc3 g6 6. e4 dxe4 7. fxe4 Bg7 8. Nf3 0-0 9. Be2 Nc6 10. 0-0 b5 11. e5 Nf5 12. Bf2 Bh6 13. Bxb5 Bb7 14. Re1 Nb4 15. Ne4 Rb8 16. c4 Be3 17. Neg5 Bxf2+ 18. Kxf2 c5 19. a3 Nc6 20. dxc5 Ncd4 21. b4 f6 22. exf6 Bxf3 23. Nxf3 Rxf6 24. Kg1 Nxf3+ 25. Qxf3 Qd4+ 26. Kh1 Qh4 27. Re4 Qh6 28. Qf4 Rbf8 29. Qxh6 Nxh6 30. h3 Nf5 31. Kh2 Rd8 32. c6 Kf8 33. Rae1 g5 34. c5 h5 35. Rf1 g4 36. Rxf5 Rxf5 37. c7 Rc8 38. Bd7 g3+ 39. Kxg3 Rg5+ 40. Kh4 Rxc7 41. Kxg5 Rxd7 42. c6 Rd6 43. Rc4 Rd8 44. Kxh5 1-0

[Event "POR-chB"]
[Site "Portugal"]
[Date "1993.??.??"]
[Round "5"]
[White "Parcerias, Pedro"]
[Black "Cordovil, Joao Maria"]
[Result "0-1"]
[WhiteElo "2290"]
[BlackElo "2320"]
[PlyCount "62"]
[EventDate "1993.??.??"]
[EventType "tourn"]
[EventRounds "9"]
[EventCountry "POR"]
[EventCategory "2"]
[SourceTitle "TD"]
[Source "ChessBase"]
[SourceDate "1994.03.01"]
[SourceVersion "1"]
[SourceVersionDate "1994.03.01"]
[SourceQuality "1"]

1. e4 c6 2. d4 d5 3. e5 Bf5 4. Nf3 e6 5. Be2 Nd7 6. 0-0 Be7 7. Nbd2 b5 8. c3 h5 9. a4 a6 10. b3 g5 11. Ba3 Bxa3 12. Rxa3 g4 13. Ne1 Ne7 14. Nc2 Bxc2 15. Qxc2 b4 16. cxb4 Qb6 17. b5 axb5 18. a5 Qxd4 19. Rd1 Qxe5 20. Nf1 f5 21. b4 Kf7 22. Re3 Qd6 23. Bd3 Qxb4 24. Rde1 Rh6 25. Bxf5 Nxf5 26. Rxe6 Rxe6 27. Qxf5+ Rf6 28. Qxd7+ Kg6 29. Re7 Rg8 30. Re6 Qf4 31. Rxf6+ Qxf6 0-1

[Event "POR-sf"]
[Site "Portugal"]
[Date "1993.??.??"]
[Round "9"]
[White "Parcerias, Pedro"]
[Black "Galego, Luis"]
[Result "0-1"]
[WhiteElo "2290"]
[BlackElo "2390"]
[PlyCount "32"]
[EventDate "1993.??.??"]
[EventType "swiss"]
[EventRounds "9"]
[EventCountry "POR"]
[SourceTitle "EXT 1997"]
[Source "ChessBase"]
[SourceDate "1996.11.15"]
[SourceVersion "1"]
[SourceVersionDate "1996.11.15"]
[SourceQuality "1"]

1. d4 d6 2. c4 e5 3. Nc3 exd4 4. Qxd4 Nc6 5. Qd2 Nf6 6. Nf3 Be7 7. g3 0-0 8. Bg2 a5 9. b3 a4 10. Bb2 Na5 11. Nxa4 Nxc4 12. bxc4 Rxa4 13. Qc2 Bd7 14. Ng5 g6 15. h4 Qa8 16. h5 Qa5+ 0-1